000 00311nam a22001337a 4500
008 170414b xxu||||| |||| 00| 0 eng d
020 _a9780470048429
041 _aeng
080 _23RD
_a612.39
100 _a10
101 _ashm
245 _aCOMPLETE FOOD AND NUTRITION GUIDE
_cDUYFF, R.L
942 _2udc
_cBK
999 _c10784
_d10784